=LDR 00000nam 2200000 4500 =001 INLIS000000000050097 =005 20170419094404.0 =006 =007 =008 =020 ##$$a 978 -979 - 5486 86 =035 ##$$0010-041700000000287 =040 ##$$a NBPDMAT =082 ##$$a 370 =090 ##$$a 370 Mui p =100 ##$$a Mu'in Fatchul =245 ##$$a Pendidikan karakter : $b Kontruksi teoretik dan praktik / $c Fatchul Mu'in ; editor, Meita Sandra =250 ##$$a Cet.5 =260 ##$$a Yogyakaarta : $b Ar-Ruz Media , $c 2016 =300 ##$$a 468 hlm. : $b ilus. ; $c 21 cm. =650 ##$$a Pendidikan